Consultation on historic environment records launched (Record no. 73216)
[ view plain ]
| 000 -LEADER | |
|---|---|
| fixed length control field | 01431cam a2200193 4500 |
| 001 - CONTROL NUMBER | |
| control field | WB3931-06 |
| 008 - FIXED-LENGTH DATA ELEMENTS--GENERAL INFORMATION | |
| fixed length control field | 030813n2003 000 0 eng u |
| 035 ## - SYSTEM CONTROL NUMBER | |
| System control number | (Sirsi) u123266 |
| 245 ## - TITLE STATEMENT | |
| Title | Consultation on historic environment records launched |
| 260 ## - PUBLICATION, DISTRIBUTION, ETC. | |
| Date of publication, distribution, etc. | 2003 |
| 490 ## - SERIES STATEMENT | |
| Series statement | English Heritage News Release |
| Volume/sequential designation | 11July 2003 (1) |
| 520 ## - SUMMARY, ETC. | |
| Summary, etc. | The Department for Culture, Media and Sport has issued a consultation document "A force for our future" on the future of Historic Environment Records, the mainly local government based information rsources on the archaeological and historic sites of an area. These were previously known as Sites and Monuments Records. The document seeks views on the way in which we access heritage information. Responses should be sent in by 31 October 2003 to Eve Trueman, Architecture and Historic Environment Division, Department for Culture, Media and Sport 2-4 Cockspur Street, London SW1Y 5DH. The consultation document is available to download from http://www.culture.gov.uk/global/consultations/2003+current+consultations/her_consultation.htm. http://www.english-heritage.org.uk/default.asp?wci=mainframe&URL1=default.asp%3FWCI%3DNode%26WCE%3D7282 |
| 590 ## - LOCAL NOTE (RLIN) | |
| Local note | WB |
| 650 ## - SUBJECT ADDED ENTRY--TOPICAL TERM | |
| Topical term or geographic name entry element | HISTORIC ENVIRONMENT |
| 650 ## - SUBJECT ADDED ENTRY--TOPICAL TERM | |
| Topical term or geographic name entry element | SITES AND MONUMENTS RECORD |
| 650 ## - SUBJECT ADDED ENTRY--TOPICAL TERM | |
| Topical term or geographic name entry element | HISTORIC ENVIRONMENT RECORDS |
| 690 ## - LOCAL SUBJECT ADDED ENTRY--TOPICAL TERM (OCLC, RLIN) | |
| Topical term or geographic name as entry element | BUILT ENVIRONMENT-BUILDING MAINTENANCE AND REFURBISHMENT-BUILDING CONSERVATION |
| 942 ## - ADDED ENTRY ELEMENTS (KOHA) | |
| Suppress in OPAC | 0 |
| Withdrawn status | Lost status | Source of classification or shelving scheme | Damaged status | Not for loan | Home library | Current library | Shelving location | Date acquired | Total Checkouts | Full call number | Barcode | Date last seen | Copy number | Price effective from | Koha item type |
|---|---|---|---|---|---|---|---|---|---|---|---|---|---|---|---|
| Dewey Decimal Classification | London | London | News article | 13/08/2003 | WB3931-06 | 123266-1001 | 06/08/2019 | 1 | 06/08/2019 | News article |